Name The 10 Youngest Race Starters In F1 History - Statistics

General Stats
  • This quiz has been taken 290 times
  • The average score is 5 of 10
Answer Stats
Nationality Age Driver % Correct
Netherlands 17 years 166 days Max Verstappen
100%
Canada 18 years 148 days Lance Stroll
96%
Spain 19 years 218 days Fernando Alonso
90%
Russia 19 years 324 days Daniil Kvyat
73%
United Kingdom 19 years 124 days Lando Norris
71%
Mexico 19 years 208 days Ricardo Rodríguez
42%
New Zealand 19 years 324 days Chris Amon
24%
Spain 19 years 125 days Jaime Alguersuari
18%
Argentina 19 years 320 days Esteban Tuero
9%
New Zealand 19 years 182 days Mike Thackwell
8%
No matching quizzes found
Score Distribution
Percent of People with Each Score
Percentile by Number Answered
Your Score History
You have not taken this quiz